[Event "Let's Play Chess!"]
[Site "http://www.queenalice.com/game.php?id=1384504"]
[Date "2015.9.22"]
[Round "-"]
[White "Ettlas"]
[Black "digger"]
[Result "0-1"]
[WhiteElo "1715"]
[BlackElo "1504"]

1. e4 e5 2. c4 c6 3. Qc2 Bc5 4. g3 Qf6 5. Nh3 d6 6. Qd3 Bxh3 7. Bxh3 Qxf2+ 8.
Kd1 Qf6 9. Bf5 g6 10. Bh3 Qg5 11. Rf1 Qh5+ 12. g4 Qg5 13. Qb3 Qe7 14. Nc3 b6 15.
Na4 Nf6 16. g5 Nxe4 17. Qf3 Nxg5 18. Qg4 O-O 19. Bg2 h6 20. a3 h5 21. Qg3 Bd4
22. d3 Ne6 23. Bh6 Re8 24. Rb1 Kh7 25. Be4 Kxh6 26. Bf3 Nf4 27. Bxc6 Nxc6 28.
Kd2 Qg5 29. Rg1 Qxg3 30. Rxg3 a6 31. Nc3 h4 32. Rg4 Kh5 33. Rgg1 Bxg1 34. Rxg1
Nd4 35. Ne4 Nf3+ 36. Ke3 Nxg1 37. Nxd6 Re7 38. d4 g5 39. Nf5 Rae8 40. Ng7+ Kg6
41. Nxe8 Rxe8 42. c5 bxc5 43. dxc5 Nd5+ 44. Ke4 Nf6+ 45. Kd3 Nf3 46. c6 g4 47.
b4 Rd8+ 48. Kc4 Nd2+ 49. Kc5 Nfe4+ 50. Kb6 Nc4+ 51. Kb7 Ned6+ 52. Kxa6 Nxa3 53.
c7 Rc8 54. Kb6 Nab5 55. Kc6 Rxc7+ 0-1

[Event "Let's Play Chess!"]
[Site "http://www.queenalice.com/game.php?id=1384826"]
[Date "2015.9.23"]
[Round "-"]
[White "Ettlas"]
[Black "Teenho"]
[Result "0-1"]
[WhiteElo "1789"]
[BlackElo "1376"]

1. e3 Nf6 2. c4 e6 3. Nf3 d5 4. c5 Bxc5 5. Bb5+ c6 6. d4 Bb4+ 7. Nc3 cxb5 8. a3
Bxc3+ 9. bxc3 Nc6 10. Rb1 a6 11. h4 Qc7 12. O-O e5 13. dxe5 Nxe5 14. Bb2 Nxf3+
15. gxf3 O-O 16. Kg2 Bf5 17. e4 dxe4 18. c4 Rad8 19. Qc2 exf3+ 20. Kxf3 Bxc2 21.
Rbe1 Be4+ 22. Rxe4 Qh2 23. Bxf6 gxf6 24. Rg4+ Kh8 25. Rg3 Rd3+ 26. Kg4 Rxg3+ 27.
fxg3 Rg8+ 28. Kf5 Qh3+ 29. Kxf6 Qe6# 0-1

[Event "Let's Play Chess!"]
[Site "http://www.queenalice.com/game.php?id=1386195"]
[Date "2015.9.29"]
[Round "-"]
[White "Ettlas"]
[Black "helly"]
[Result "0-1"]
[WhiteElo "1799"]
[BlackElo "2051"]

1. c4 c5 2. e4 Nc6 3. Nc3 d6 4. g3 Nf6 5. Bh3 e6 6. Nf3 Be7 7. Qa4 Bd7 8. d3 O-O
9. b4 Nxb4 10. Qc2 Nxc2+ 11. Ke2 Nxa1 12. Bb2 Nc2 13. Nb5 a6 14. Na3 Nxa3 15.
Bxa3 b5 16. Rb1 Qa5 17. Ng5 Qxa3 18. Rd1 b4 19. f4 Rab8 20. e5 dxe5 21. fxe5
Qb2+ 22. Rd2 Qxe5+ 23. Ne4 Nxe4 24. d4 Nc3+ 25. Kf3 cxd4 26. Kg2 Bc6+ 27. Kf1
Bg5 28. Rf2 Qe3 29. Bg4 Qc1+ 0-1

[Event "Let's Play Chess!"]
[Site "http://www.queenalice.com/game.php?id=1386196"]
[Date "2015.9.29"]
[Round "-"]
[White "Ettlas"]
[Black "GiulioTorino"]
[Result "0-1"]
[WhiteElo "1799"]
[BlackElo "2025"]

1. g4 d5 2. Bh3 c5 3. Nf3 Nc6 4. Ng5 Ne5 5. f4 h6 6. Nf3 Nxg4 7. Ne5 Nxe5 8.
Bxc8 Rxc8 9. fxe5 e6 10. O-O c4 11. d4 Qb6 12. e3 Ne7 13. Qf3 Nf5 14. Qh5 Be7
15. e4 Nxd4 16. Qxf7+ Kd7 17. Qf2 Rhf8 18. Bf4 g5 19. Qd2 Rxf4 20. Rxf4 Nf3+ 21.
Kf1 Nxd2+ 22. Nxd2 gxf4 23. Re1 Bh4 24. Re2 Rg8 25. Nf3 dxe4 26. Rxe4 Qf2# 0-1

[Event "Let's Play Chess!"]
[Site "http://www.queenalice.com/game.php?id=1386197"]
[Date "2015.9.29"]
[Round "-"]
[White "Ettlas"]
[Black "GiulioTorino"]
[Result "0-1"]
[WhiteElo "1792"]
[BlackElo "2041"]

1. e3 d5 2. d4 Nf6 3. f4 Nc6 4. c3 Bf5 5. Qa4 a6 6. Nf3 Ne4 7. Bd3 f6 8. O-O e6
9. Be2 Bd6 10. Nh4 Bg6 11. Nxg6 hxg6 12. Rf3 g5 13. Rh3 Ke7 14. Nd2 gxf4 15.
Nxe4 dxe4 16. exf4 Rxh3 17. gxh3 Qh8 18. Qb3 b6 19. Kg2 Qh4 20. Bg4 f5 21. Bxf5
exf5 22. Qd5 Kd7 23. Qf7+ Ne7 24. Qxg7 Rg8 25. Qg3 Rxg3+ 26. Kf2 Rf3+ 27. Ke2
Qf2+ 28. Kd1 Rd3+ 29. Bd2 Qxd2# 0-1

[Event "Let's Play Chess!"]
[Site "http://www.queenalice.com/game.php?id=1386198"]
[Date "2015.9.29"]
[Round "-"]
[White "GiulioTorino"]
[Black "Ettlas"]
[Result "1-0"]
[WhiteElo "2041"]
[BlackElo "1762"]

1. Nf3 c5 2. d4 cxd4 3. Qxd4 Nc6 4. Qd3 e6 5. Bd2 Qb6 6. b3 Bb4 7. e3 f5 8. a3
Qa5 9. c3 Bd6 10. Qxd6 Nf6 11. c4 Qb6 12. b4 Ne4 13. Qd3 Qa6 14. b5 Qb6 15. bxc6
Qb2 16. Be2 Qxa1 17. O-O Nc5 18. Qc3 Qxc3 19. cxb7 Bxb7 20. Nxc3 Nb3 21. Nb5 O-O
22. Bb4 Bc6 23. Bxf8 Rxf8 24. Ne5 Nd2 25. Rd1 Ne4 26. Nxd7 Rd8 27. Ne5 Rxd1+ 28.
Bxd1 g5 29. Bf3 g4 30. Nxc6 Nd2 31. Be2 h5 32. Ncxa7 e5 33. c5 f4 34. c6 1-0

[Event "Let's Play Chess!"]
[Site "http://www.queenalice.com/game.php?id=1386199"]
[Date "2015.9.29"]
[Round "-"]
[White "Ettlas"]
[Black "GiulioTorino"]
[Result "0-1"]
[WhiteElo "1766"]
[BlackElo "2069"]

1. c4 e5 2. d4 exd4 3. Qxd4 Nc6 4. Qe4+ Qe7 5. Nc3 d6 6. f3 g6 7. Nd5 Bf5 8. Bg5
f6 9. Nxc7+ Kd8 10. Bxf6 Nxf6 11. Qxe7+ Bxe7 12. Nxa8 Kd7 13. e4 Be6 14. c5 Rxa8
15. Rd1 Nb4 16. cxd6 Bxd6 17. Bb5+ Ke7 18. Ne2 Nc2+ 19. Kf2 Bc5+ 20. Kg3 Ne3 21.
Rd3 Nh5+ 22. Kh4 Nxg2+ 23. Kg5 Be3+ 24. Rxe3 Nxe3 25. Kh6 Bxa2 26. Rc1 Kd6 27.
Kxh7 Bf7 28. Kh6 a6 29. Ra1 Rc8 30. Nd4 axb5 31. Nxb5+ Ke5 32. Ra5 Kf4 33. Nd6
Rh8# 0-1

[Event "Let's Play Chess!"]
[Site "http://www.queenalice.com/game.php?id=1386200"]
[Date "2015.9.29"]
[Round "-"]
[White "helly"]
[Black "Ettlas"]
[Result "1-0"]
[WhiteElo "1991"]
[BlackElo "1788"]

1. e4 e5 2. Nf3 b6 3. Nxe5 Ba6 4. Nxf7 Kxf7 5. Qh5+ g6 6. Qd5+ Ke7 7. Qxa8 Nc6
8. Qxd8+ Kxd8 9. Bxa6 Nf6 10. O-O Nb4 11. Bd3 Nxd3 12. cxd3 Bc5 13. Nc3 Rf8 14.
Ne2 Ng4 15. d4 Bd6 16. e5 Be7 17. h3 Nh6 18. d3 Nf5 19. Bd2 a5 20. Rac1 Bh4 21.
g3 Be7 22. Rc2 Bb4 23. Bxb4 axb4 24. Rfc1 c6 25. Rc4 b5 26. Rxb4 g5 27. a4 Nh6
28. axb5 g4 29. bxc6 d5 30. Rb8+ Ke7 31. Rxf8 Kxf8 32. c7 gxh3 33. c8=Q+ Kf7 34.
Rc7+ Kg6 35. Nf4+ 1-0

[Event "Let's Play Chess!"]
[Site "http://www.queenalice.com/game.php?id=1386441"]
[Date "2015.9.30"]
[Round "-"]
[White "Ettlas"]
[Black "franz_ferdinand"]
[Result "0-1"]
[WhiteElo "1788"]
[BlackElo "1628"]

1. Nf3 Nf6 2. e3 d5 3. Ne5 Bf5 4. g4 Bc8 5. c3 Nbd7 6. g5 Nxe5 7. Na3 Bg4 8.
Qa4+ Nfd7 9. Bb5 c6 10. O-O e6 11. f4 Nf3+ 12. Kg2 Nxg5 13. Kg3 Bf5 14. fxg5
Qxg5+ 15. Kf2 Bd6 16. Ke2 Bg4+ 17. Ke1 Qh4+ 18. Rf2 Bxh2 19. Be2 h5 20. Qd4 Bg3
21. Qxg7 Bxf2+ 22. Kd1 Bxe2+ 23. Kxe2 O-O-O 24. Qd4 Qxd4 25. exd4 h4 26. Kxf2 h3
27. Kg1 h2+ 28. Kh1 Rdg8 29. d3 Rg1# 0-1

[Event "Let's Play Chess!"]
[Site "http://www.queenalice.com/game.php?id=1386442"]
[Date "2015.9.30"]
[Round "-"]
[White "Ettlas"]
[Black "Ruusgugg"]
[Result "1-0"]
[WhiteElo "1786"]
[BlackElo "1389"]

1. e3 e5 2. c3 e4 3. d4 Qf6 4. Qg4 Qc6 5. Na3 d5 6. Qxc8+ Ke7 7. g3 Nf6 8. Bb5
Qb6 9. Ne2 a6 10. Ba4 Kd6 11. Qd8+ Ke6 12. Nc4 Qa7 13. g4 b5 14. Nf4# 1-0

[Event "Let's Play Chess!"]
[Site "http://www.queenalice.com/game.php?id=1386443"]
[Date "2015.9.30"]
[Round "-"]
[White "franz_ferdinand"]
[Black "Ettlas"]
[Result "1-0"]
[WhiteElo "1812"]
[BlackElo "1757"]

1. e4 e5 2. Nf3 d6 3. d4 exd4 4. Nxd4 Nc6 5. Bb5 a6 6. Nxc6 Qf6 7. Nd4+ axb5 8.
Nxb5 Ra4 9. O-O Rxe4 10. Nxc7+ Kd7 11. Nd5 Qd4 12. Qxd4 Rxd4 13. Nb6+ Kc7 14.
Nxc8 Kxc8 15. Be3 Rb4 16. b3 g6 17. c3 Re4 18. Nd2 Rg4 19. Bd4 f6 20. f3 Rf4 21.
g3 Rf5 22. Ne4 Rd5 23. Rad1 Bg7 24. c4 Ra5 25. Nxd6+ Kc7 26. Ne8+ Kc6 27. Nxg7
Nh6 28. Bxf6 Rxa2 29. Ne6 Re8 30. Nd4+ Kc5 31. Rfe1 Rf8 32. Be7+ Kb6 33. Bxf8
Nf7 34. Re6+ Kc7 35. Re7+ Kd6 36. Nb5+ 1-0

[Event "Let's Play Chess!"]
[Site "http://www.queenalice.com/game.php?id=1386444"]
[Date "2015.9.30"]
[Round "-"]
[White "Ruusgugg"]
[Black "Ettlas"]
[Result "0-1"]
[WhiteElo "1371"]
[BlackElo "1743"]

1. e4 g5 2. b3 e5 3. Qh5 Nf6 4. Qxg5 Nxe4 5. Qxe5+ Qe7 6. Qxh8 Ng3+ 7. Ne2 Nxh1
8. Ba3 d6 9. Nc3 f6 10. Nd5 Qe5 11. Nxf6+ Ke7 12. Qxh7+ Kd8 13. Qf7 Qxa1+ 14.
Nc1 Qe5+ 15. Be2 c5 16. Qxf8+ Kc7 17. Nd3 Qa1+ 18. Bd1 Bg4 19. Nxg4 b6 20. Qe7+
Nd7 21. b4 Qh8 22. Nf6 Qxf6 23. Qe4 Re8 24. Ne5 Qxf2# 0-1

[Event "Let's Play Chess!"]
[Site "http://www.queenalice.com/game.php?id=1386445"]
[Date "2015.10.1"]
[Round "-"]
[White "Zodiac"]
[Black "Ettlas"]
[Result "1-0"]
[WhiteElo "1839"]
[BlackElo "1727"]

1. e4 e5 2. Nf3 Nc6 3. Bc4 Bc5 4. c3 Na5 5. Bb3 c6 6. d4 exd4 7. cxd4 Bb4+ 8.
Nc3 Nxb3 9. Qxb3 Qe7 10. O-O Nf6 11. Bg5 h6 12. Bxf6 gxf6 13. Qc2 b6 14. Nh4 d5
15. exd5 f5 16. Rfe1 Qxe1+ 17. Rxe1+ Kd7 18. Qxf5+ Kc7 19. Qe5+ Bd6 20. Qxh8 Bb7
21. Qxh6 Rd8 22. Qf6 b5 23. dxc6 Bxc6 24. d5 Re8 25. Qxf7+ Re7 26. Rxe7+ Bxe7
27. Qxe7+ Bd7 28. Nxb5+ 1-0

[Event "Let's Play Chess!"]
[Site "http://www.queenalice.com/game.php?id=1386446"]
[Date "2015.10.1"]
[Round "-"]
[White "bgbd1992"]
[Black "Ettlas"]
[Result "1-0"]
[WhiteElo "2256"]
[BlackElo "1762"]

1. e4 c5 2. Nf3 e6 3. d4 Nc6 4. d5 exd5 5. exd5 Nd4 6. Nxd4 cxd4 7. Qxd4 Qa5+ 8.
Bd2 Qb6 9. Qxb6 axb6 10. Bb5 Bc5 11. O-O Nf6 12. Re1+ Kd8 13. Bg5 Re8 14. Nc3
Rxe1+ 15. Rxe1 h6 16. Bxf6+ Kc7 17. Bxg7 f5 18. Bd3 d6 19. Re8 Kd7 20. Rh8 Bxf2+
21. Kxf2 1-0